000 00630nam a2200229Ia 4500
003 OSt
005 20220928104046.0
006 a|||||r|||| 00| 0
007 ta
008 220927b |||||||| |||| 00| 0 eng d
024 _a46257
037 _cTextual
040 _aSDCL
_cSDCL
_beng
041 _2eng
_aeng
082 _aO152,1M66:g, N0
100 _aSharma Brijmohan Swaroop
_9408387
245 0 _aKavivar Ratnakar ka bhasha-samarthaya.
260 _aDelhi
_bSurya-Parkashan
300 _a256p.
_ccm.
942 _hO152,1M66:g, N0
_cTEXL
_2CC
999 _c723867
_d723867